The World Book encyclopedia of people and places.

Αποθηκεύτηκε σε:
Λεπτομέρειες βιβλιογραφικής εγγραφής
Μορφή: Βιβλίο
Γλώσσα:Undetermined
Έκδοση: Illinois 2000
Θέματα:
Ετικέτες: Προσθήκη ετικέτας
Δεν υπάρχουν, Καταχωρήστε ετικέτα πρώτοι!
Thư viện lưu trữ: Trung tâm Học liệu Trường Đại học Cần Thơ
LEADER 00413nam a2200145Ia 4500
001 CTU_126357
008 210402s9999 xx 000 0 und d
082 |a 031 
082 |b W927/Vol.6 
245 4 |a The World Book encyclopedia of people and places. 
260 |a Illinois 
260 |c 2000 
650 |a Encyclopedias and dictionaries. 
904 |i Minh 
980 |a Trung tâm Học liệu Trường Đại học Cần Thơ